Top 20 agricultural products by metric tons - Statistics

General Stats
  • This quiz has been taken 335 times
  • The average score is 10 of 20
Answer Stats
Production (million tonnes) Product % Correct
652 Wheat
95%
850 Maize
91%
701 Rice, paddy
90%
334 Potatoes
83%
70 Apples
77%
69 Oranges
69%
152 Tomatoes
66%
105 Bananas
60%
265 Soybeans
60%
67 Grapes
57%
124 Barley
56%
1689 Sugar cane
45%
79 Onions, dry
42%
68 Seed cotton
39%
101 Watermelons
35%
241 Cassava
21%
227 Oil, palm fruit
21%
103 Sweet potatoes
21%
229 Sugar beet
14%
263 Vegetables, fresh nes
6%
No matching quizzes found
Score Distribution
Percent of People with Each Score
Percentile by Number Answered
Your Score History
You have not taken this quiz